One Stoke City Player by Nation - Statistics

General Stats
  • This quiz has been taken 267 times
  • The average score is 8 of 12
Answer Stats
Nation Player % Correct
England Ryan Shawcross | Peter Crouch | Matthew Etherington | +28 others
98%
Ireland Glenn Whelan | Jonathan Walters | Marc Wilson | +5 others
84%
Spain Marc Muniesa | Bojan Krkić | Joselu | +1 other
77%
Senegal Mame Biram Diouf | Abdoulaye Faye | Salif Diao | +4 other
76%
Austria Marko Arnautović | Kevin Wimmer | Moritz Bauer
73%
Scotland Charlie Adam | Phil Bardsley | Darren Fletcher
67%
Germany Robert Huth | Philipp Wollscheid
67%
Netherlands Erik Pieters | Bruno Martins Indi | Ibrahim Afellay | +1 other
66%
France Steven Nzonzi | Kurt Zouma | Vincent Péricard
57%
Nigeria Peter Odemwingie | Victor Moses | Seyi Olofinjana
52%
United States Geoff Cameron | Brek Shea | Maurice Edu
48%
Denmark Thomas Sørensen | Jakob Haugaard | Lasse Sørensen
45%
No matching quizzes found
Score Distribution
Percent of People with Each Score
Percentile by Number Answered
Your Score History
You have not taken this quiz